Kováč Wieland : tuba
Dvadsiaty tretí zošit z 35
| Main Author: | |
|---|---|
| Format: | Musical Score Book |
| Language: | German Italian Czech Slovak |
| PhysicalDescription: | 42 strán noty 34 cm |
| Published: |
[Miesto vzniku nie je známe]
1926
|
| Subjects: |
MARC
| LEADER | 00000ndm a2200000 aa4500 | ||
|---|---|---|---|
| 001 | vtls011896905 | ||
| 003 | SK-MaSNL | ||
| 005 | 20260331211731.0 | ||
| 007 | qu | ||
| 008 | 230802s1926 xx g f | | ||ger | ||
| 035 | |a urn:nbn:sk:snk-dm00elh9 | ||
| 035 | |a 1B1E21E9-8302-43AC-8FE0-79EFC5A3BB9A | ||
| 040 | |a SNKLA |b slo |c SNKLA |e AACR2 | ||
| 041 | 0 | |a ger |a ita |a cze |a slo | |
| 044 | |a xx | ||
| 072 | 7 | |a 782 |x Divadelná hudba. Opera, opereta, muzikál |2 konspekt | |
| 080 | |a 782 |2 2001 | ||
| 080 | |a (437.6) |2 2001 | ||
| 080 | |a 78.089.6.087 |2 2001 | ||
| 100 | 1 | |a Bella, Ján Levoslav, |d 1843-1936 |4 cmp |9 105955 | |
| 245 | 1 | 0 | |a Kováč Wieland : |b tuba |h hudobný rukopis |c J. L. Bella |
| 260 | |a [Miesto vzniku nie je známe] |c 1926 | ||
| 300 | |a 42 strán |b noty |c 34 cm | ||
| 500 | |a Na konci záznamy ceruzou o predstaveniach z rokov 1926-1993 | ||
| 520 | 2 | |a Dvadsiaty tretí zošit z 35 | |
| 546 | |a Napísané nemecky, taliansky, česky a slovensky | ||
| 561 | |a Okrúhla pečiatka: Hudobno-vedecký-seminár filozofickej fakulty Slovenskej univerzity Bratislava | ||
| 561 | |a Pečiatka: Archiv Slov. národ. divadla v Bratislave | ||
| 648 | 7 | |a 1880-1890 |2 SNKPH |9 360561 | |
| 650 | 0 | 7 | |a opery |2 SNKPH |9 3214 |
| 651 | 7 | |a Slovensko |2 SNKPHgeo |9 14231 | |
| 655 | 7 | |a partitúry a hlasy |2 SNKPH |9 70304 | |
| 852 | |a Slovenská národná knižnica |b Literárny archív | ||
| 958 | |a LAVD | ||
| 958 | |a HFZ | ||
| 999 | |c 1206572 |d 1208502 | ||
| 952 | |a SNKLA |b SNKLA |c SNKLA_DEP |y NEVYP |7 0 |p 17A1007309 |o snkA XLV/1 – 23 |0 0 |1 0 |4 0 |d 2019-10-29 |f 1 |l 0 |r 2026-02-24 23:00:12 |w 2026-02-24 | ||


